Beauty and the beast / (Record no. 48165)
| 000 -LEADER | |
|---|---|
| fixed length control field | 00270nam a2200097 4500 |
| 020 ## - INTERNATIONAL STANDARD BOOK NUMBER | |
| International Standard Book Number | 9781474932387 |
| 245 ## - TITLE STATEMENT | |
| Title | Beauty and the beast / |
| Statement of responsibility, etc | Victor Tavares. |
| 260 ## - PUBLICATION, DISTRIBUTION, ETC. (IMPRINT) | |
| Place of publication, distribution, etc | Saffron Hill, England: |
| Name of publisher, distributor, etc | Usborne; |
| Date of publication, distribution, etc | 2017. |
| 300 ## - PHYSICAL DESCRIPTION | |
| Extent | unpaged. |
| Other physical details | col. ill. |
| Dimensions | 19 cm. |
| 942 ## - ADDED ENTRY ELEMENTS (KOHA) | |
| Source of classification or shelving scheme | |
| Koha item type | Board Book |
| Withdrawn status | Lost status | Source of classification or shelving scheme | Damaged status | Not for loan | Home library | Current library | Shelving location | Date acquired | Total Checkouts | Full call number | Barcode | Checked out | Date last seen | Date checked out | Price effective from | Koha item type |
|---|---|---|---|---|---|---|---|---|---|---|---|---|---|---|---|---|
| Asian Hope Early Years Library | Asian Hope Early Years Library | Easy Reading | 01/10/2025 | 3 | BB E TAV | 207240 | 04/21/2026 | 04/21/2026 | 04/21/2026 | 01/10/2025 | Board Book |